00923 2200217 4500001002100000005001500021035002000036245034100056100002700397250002000424300004000444856002800484700003100512260004500543082001000588084001400598020002200612600002000634008004100654990001000695INLIS00000000114583620260121094035 a0010-12250000791 aMeningkatkan Kreativitas dengan gambar seni Menggambar :bSeni menggambar adalah salah satu bentuk ekspresi visual yang telah ada sejak zaman prasejarah seni menggambar terus berkembang seiring waktu dan menjadi bagian integral dari budaya dan peradaban manusia /cPenulis Umi Azzam Irsya Putra, Desain Caver Salim Sanjaya Desain Cover0 aUmi Azzam Irsya Putra aCetakan Pertama a66 halaman :b---- ;c20 cmeKertas aPerpustakaan Keliling 20 aDesain Caver Salim Sanjaya aYogyakarta :bSalim Sanjaya Media,c2025 a741.5 a741.UMI.m a978-623-8782-57-4 4aseni menggambar260121 0  a//001